[Event "Bonne annee"]
[Site "Charny CAN"]
[Date "1996.01.07"]
[Round "4"]
[White "Lacroix, Serge"]
[Black "Girard, Robin"]
[Result "0-1"]
[WhiteElo "1903"]
[BlackElo "2219"]
[PlyCount "51"]
[EventDate "1996.01.05"]
[EventType "swiss"]
[EventRounds "5"]
[EventCountry "CAN"]

1. e4 c5 2. Nf3 d6 3. d4 cxd4 4. Nxd4 Nf6 5. Nc3 a6 6. Bg5 e6 7. f4 Be7 8. Qf3
Qc7 9. O-O-O Nbd7 10. g4 b5 11. Bxf6 gxf6 12. f5 Ne5 13. Qh3 O-O 14. Qh6 Kh8
15. g5 Rg8 16. g6 fxg6 17. fxe6 Bb7 18. Nd5 Bxd5 19. exd5 f5 20. Bg2 Bf6 21. h4
Nc4 22. b3 Qc5 23. bxc4 Bxd4 24. Rxd4 Qxd4 25. h5 g5 26. e7 0-1

[Event "Vers la Matrise"]
[Site "Montreal CAN"]
[Date "1996.??.??"]
[Round "1"]
[White "Berson, Jordan"]
[Black "Lacroix, Serge"]
[Result "1/2-1/2"]
[WhiteElo "1930"]
[BlackElo "1945"]
[PlyCount "137"]
[EventDate "1996.??.??"]
[EventType "swiss"]
[EventRounds "6"]
[EventCountry "CAN"]

1. d4 Nf6 2. c4 e6 3. g3 d5 4. Nf3 c5 5. Bg2 Nc6 6. O-O dxc4 7. Qa4 Bd7 8. Qxc4
Qb6 9. dxc5 Qxc5 10. Qh4 Be7 11. Be3 Qf5 12. Qg5 Qxg5 13. Bxg5 h6 14. Bd2 Ne4
15. Bc3 O-O 16. Be5 f6 17. Rd1 Be8 18. Bf4 Bc5 19. Rf1 e5 20. Bc1 Bg6 21. Nbd2
Nxd2 22. Bxd2 e4 23. Nh4 Bh7 24. Bh3 f5 25. Ng2 Nd4 26. Rae1 g5 27. Ne3 Rad8
28. Bc3 f4 29. gxf4 gxf4 30. Ng4 h5 31. Ne5 Bf5 32. Bxf5 Rxf5 33. Nc4 f3 34.
Bxd4 Rxd4 35. Ne3 Rg5+ 36. Kh1 Rd2 37. exf3 exf3 38. Rg1 Rxg1+ 39. Rxg1+ Kf7
40. Rg5 Re2 41. Rf5+ Ke6 42. Rxf3 Rxb2 43. a4 Ra2 44. Rf4 Bxe3 45. fxe3 Ra3 46.
Re4+ Kf5 47. Rb4 b6 48. Rf4+ Kg5 49. h4+ Kg6 50. Re4 Kf5 51. Rf4+ Ke5 52. Rb4
Rxe3 53. Rb5+ Kf4 54. Rxh5 Kg3 55. Rg5+ Kxh4 56. Rg7 a5 57. Kg2 Re4 58. Rb7 Rb4
59. Kf3 Kg5 60. Ke3 Kf5 61. Kd3 Ke5 62. Rh7 Rxa4 63. Rh5+ Kd6 64. Rh6+ Kc5 65.
Rh5+ Kc6 66. Rh6+ Kb7 67. Rh7+ Ka6 68. Rh8 Rg4 69. Kc3 1/2-1/2

[Event "Vers la Matrise"]
[Site "Montreal CAN"]
[Date "1996.??.??"]
[Round "2"]
[White "Lacroix, Serge"]
[Black "Rouleau, Paul"]
[Result "1-0"]
[WhiteElo "1940"]
[BlackElo "1870"]
[PlyCount "53"]
[EventDate "1996.??.??"]
[EventType "swiss"]
[EventRounds "6"]
[EventCountry "CAN"]

1. e4 e5 2. Nf3 Nc6 3. Bb5 a6 4. Ba4 Nf6 5. O-O Be7 6. Re1 b5 7. Bb3 O-O 8. c3
d6 9. d4 Bg4 10. d5 Nb8 11. Nbd2 Nbd7 12. h3 Bh5 13. Nf1 Nxe4 14. Rxe4 f5 15.
Re1 e4 16. Ng3 Qe8 17. Nxh5 Qxh5 18. Nd4 Qh4 19. Ne6 Ne5 20. f4 exf3 21. Rxe5
dxe5 22. Nxf8 f2+ 23. Kf1 Kxf8 24. d6 Qe4 25. dxe7+ Kxe7 26. Bg5+ Ke8 27. Qd5
1-0

[Event "Vers la Matrise"]
[Site "Montreal CAN"]
[Date "1996.??.??"]
[Round "3"]
[White "Girard, Robin"]
[Black "Lacroix, Serge"]
[Result "1-0"]
[WhiteElo "2300"]
[BlackElo "1940"]
[PlyCount "65"]
[EventDate "1996.??.??"]
[EventType "swiss"]
[EventRounds "6"]
[EventCountry "CAN"]

1. e4 e5 2. Nf3 Nc6 3. Bb5 a6 4. Bxc6 dxc6 5. O-O Bg4 6. h3 h5 7. d3 Bd6 8.
Nbd2 Bxf3 9. Qxf3 Qf6 10. Qg3 h4 11. Qg4 Nh6 12. Qe2 g5 13. Nc4 O-O-O 14. Qe3
Rdg8 15. f3 Qe7 16. Nxd6+ cxd6 17. Bd2 f5 18. exf5 Nxf5 19. Qa7 Qc7 20. b4 Qb8
21. Qf2 Nd4 22. c3 Ne6 23. a4 Qc7 24. b5 Nc5 25. bxa6 Nxa6 26. d4 exd4 27. Qxd4
Qg7 28. Qxd6 Rh6 29. Qd3 Rd8 30. Qf5+ Kb8 31. Qxg5 Rg6 32. Qxd8+ Ka7 33. Qd4+
1-0

[Event "Vers la Matrise"]
[Site "Montreal CAN"]
[Date "1996.11.26"]
[Round "4"]
[White "Moisan-Plante, Marc-Olivier"]
[Black "Lacroix, Serge"]
[Result "1-0"]
[WhiteElo "2160"]
[BlackElo "1940"]
[PlyCount "81"]
[EventDate "1996.??.??"]
[EventType "swiss"]
[EventRounds "6"]
[EventCountry "CAN"]

1. e4 e5 2. Nf3 Nc6 3. Nc3 Nf6 4. d4 exd4 5. Nxd4 Bb4 6. Nxc6 Bxc3+ 7. bxc3
bxc6 8. Bd3 d6 9. O-O Bg4 10. f3 Be6 11. Bg5 h6 12. Bh4 Qd7 13. Bxf6 gxf6 14.
Qd2 c5 15. Qf4 Ke7 16. c4 Qa4 17. Rfe1 Qb4 18. Qh4 Qc3 19. f4 Rag8 20. f5 Qd4+
21. Kh1 Bxc4 22. Rad1 Bxd3 23. Rxd3 Qa4 24. Qf2 Rg5 25. h4 Rg4 26. Qf3 Rhg8 27.
e5 Rxh4+ 28. Kg1 fxe5 29. f6+ Ke6 30. Qd5+ Kxf6 31. Rf3+ Rf4 32. Rxf4+ exf4 33.
Re4 Rxg2+ 34. Kxg2 Qxc2+ 35. Kf3 Qc3+ 36. Kxf4 Qc1+ 37. Re3 Qf1+ 38. Rf3 Qg1
39. Ke4+ Ke7 40. Rxf7+ Kd8 41. Qa8# 1-0

[Event "Vers la Matrise"]
[Site "Montreal CAN"]
[Date "1996.??.??"]
[Round "5"]
[White "Lacroix, Serge"]
[Black "Hamel, Jean-Claude"]
[Result "1-0"]
[WhiteElo "1940"]
[BlackElo "1775"]
[PlyCount "63"]
[EventDate "1996.??.??"]
[EventType "swiss"]
[EventRounds "6"]
[EventCountry "CAN"]

1. e4 e5 2. Nf3 Nc6 3. Bb5 a6 4. Ba4 Nf6 5. O-O Be7 6. Re1 d6 7. c3 O-O 8. h3
Nd7 9. d4 b5 10. Bc2 Nb6 11. Nbd2 f6 12. Nf1 Na5 13. b3 Be6 14. Be3 c5 15. d5
Bf7 16. Qd2 Nb7 17. g4 a5 18. Ng3 g6 19. Bd3 Be8 20. Qe2 b4 21. c4 a4 22. h4
Bd7 23. Nh2 Qc8 24. f4 f5 25. gxf5 exf4 26. Bxf4 Bxh4 27. Qg4 Bf6 28. Rab1 Bg7
29. Qg5 Bf6 30. Qh6 Bg7 31. Qh4 gxf5 32. exf5 1-0

[Event "Vers la Matrise"]
[Site "Montreal CAN"]
[Date "1996.??.??"]
[Round "6"]
[White "Lacroix, Serge"]
[Black "Fillion, Robert"]
[Result "0-1"]
[WhiteElo "1940"]
[BlackElo "1665"]
[PlyCount "178"]
[EventDate "1996.??.??"]
[EventType "swiss"]
[EventRounds "6"]
[EventCountry "CAN"]

1. e4 e5 2. Nf3 d6 3. d4 exd4 4. Nxd4 g6 5. c4 Bg7 6. Nc3 Nc6 7. Be3 Nf6 8. Qd2
O-O 9. O-O-O Ng4 10. Nxc6 bxc6 11. Bd4 Bh6 12. f4 Be6 13. Be2 c5 14. Bg1 Qb8
15. h4 Qb4 16. g3 Ne5 17. Nd5 Qa4 18. b3 Qa3+ 19. Qb2 Qxb2+ 20. Kxb2 Bxd5 21.
cxd5 Nd7 22. Bb5 Nb6 23. Bf2 a6 24. Bc6 Rab8 25. Kc2 Bg7 26. Rhe1 f6 27. a4 Rf7
28. Be3 Nc8 29. a5 Na7 30. Ba4 Nb5 31. Bg1 Re7 32. g4 Na7 33. Rd2 Rb4 34. Rde2
Nb5 35. Bf2 Kf7 36. g5 fxg5 37. Bxb5 Rxb5 38. hxg5 Rxa5 39. e5 Ra2+ 40. Kd3
Rxe2 41. Rxe2 dxe5 42. Bxc5 Rd7 43. Ke4 exf4 44. Rf2 Ke8 45. Rxf4 Rf7 46. Rh4
Bf8 47. Bd4 Be7 48. Be3 Kf8 49. Rh2 Bb4 50. Bd4 Kg8 51. Bf6 h5 52. Ra2 a5 53.
Ke5 Rd7 54. Rc2 Kf7 55. Rc6 Bd6+ 56. Ke4 Be7 57. Be5 Bxg5 58. Bxc7 h4 59. Bxa5
Re7+ 60. Kd4 h3 61. Bc7 Bf6+ 62. Kc5 Be5 63. Bxe5 Rxe5 64. Rc7+ Kf6 65. Kd6 h2
66. Rc1 Re2 67. Kc7 g5 68. d6 Rd2 69. d7 g4 70. Rf1+ Kg5 71. Re1 g3 72. Re7
Rxd7+ 73. Rxd7 h1=Q 74. Rg7+ Kf4 75. Kd7 Qd5+ 76. Ke7 Qxb3 77. Rf7+ Qxf7+ 78.
Kxf7 g2 79. Ke6 g1=Q 80. Kd5 Qe1 81. Kd6 Qe5+ 82. Kc6 Qd4 83. Kc7 Ke5 84. Kc6
Qd6+ 85. Kb5 Kd5 86. Ka4 Qb6 87. Ka3 Kc4 88. Ka2 Kc3 89. Ka1 Qb2# 0-1

[Event "Pere Noel"]
[Site "Montreal CAN"]
[Date "1995.12.27"]
[Round "2"]
[White "Lacroix, Serge"]
[Black "Rozman, Zeljko"]
[Result "1-0"]
[WhiteElo "1900"]
[BlackElo "1785"]
[PlyCount "127"]
[EventDate "1995.12.26"]
[EventType "swiss"]
[EventRounds "5"]
[EventCountry "CAN"]

1. e4 c5 2. Nf3 d6 3. d4 cxd4 4. Nxd4 Nf6 5. Nc3 Nc6 6. Bg5 e6 7. Qd2 Be7 8.
O-O-O O-O 9. f4 Nxd4 10. Qxd4 a6 11. Be2 b5 12. Bxf6 Bxf6 13. Qxd6 Qxd6 14.
Rxd6 Bxc3 15. bxc3 Bb7 16. Bf3 Rac8 17. Rd7 Ba8 18. Kb2 Rc4 19. Rd4 f5 20. Rxc4
bxc4 21. e5 Bxf3 22. gxf3 Rd8 23. Kc1 Kf7 24. Rd1 Rd5 25. Rd4 Rc5 26. Rd7+ Kg6
27. Rd6 Kf7 28. h4 a5 29. a4 h6 30. h5 Rc7 31. Ra6 Rc5 32. Ra7+ Kf8 33. Rb7 Rc6
34. Kd2 Rc5 35. Ke2 Kg8 36. Rd7 Rc6 37. Ke3 Kf8 38. Rb7 Rc5 39. Rb6 Ke7 40. Rd6
Rc7 41. Ra6 Kf7 42. Rxa5 g6 43. hxg6+ Kxg6 44. Ra6 Kf7 45. a5 h5 46. Ra8 h4 47.
Rh8 Kg7 48. Rxh4 Ra7 49. Kd4 Rxa5 50. Kxc4 Rd5 51. Kb3 Rb5+ 52. Kc4 Rd5 53. Rh2
Ra5 54. Kb4 Ra1 55. Rd2 Rf1 56. Rd3 Rf2 57. Kb3 Kg6 58. c4 Rf1 59. c5 Rb1+ 60.
Kc4 Rb8 61. c6 Rc8 62. Kc5 Kf7 63. Rd7+ Ke8 64. Rh7 1-0

[Event "Pere Noel"]
[Site "Montreal CAN"]
[Date "1995.12.29"]
[Round "4"]
[White "Lacroix, Serge"]
[Black "Vien, Michel"]
[Result "1-0"]
[WhiteElo "1900"]
[BlackElo "1647"]
[PlyCount "83"]
[EventDate "1995.12.26"]
[EventType "swiss"]
[EventRounds "5"]
[EventCountry "CAN"]

1. e4 c5 2. Nf3 e6 3. d4 cxd4 4. Nxd4 Nf6 5. Nc3 Nc6 6. Bg5 Bb4 7. Nxc6 bxc6 8.
Bd3 Qa5 9. Bd2 Qe5 10. a3 Be7 11. Qe2 d5 12. f4 Qc7 13. e5 Nd7 14. Qg4 Nxe5 15.
fxe5 Qxe5+ 16. Qe2 Qxe2+ 17. Bxe2 e5 18. O-O O-O 19. b4 f5 20. Na4 f4 21. c4
Rf5 22. Bg4 Rg5 23. Bxc8 Rxc8 24. cxd5 cxd5 25. Rac1 Rxc1 26. Rxc1 Rg6 27. Rc7
f3 28. g3 Bf6 29. Nc3 e4 30. Nxd5 Bd4+ 31. Be3 Bxe3+ 32. Nxe3 Rd6 33. Rc4 Rd3
34. Rxe4 Rc3 35. h4 Rb3 36. Kf2 Rxa3 37. Kxf3 a5 38. bxa5 Rxa5 39. Kf4 Ra3 40.
g4 h6 41. h5 Kf7 42. Kf5 1-0

[Event "Permiere Neige"]
[Site "Montreal CAN"]
[Date "1995.12.03"]
[Round "5"]
[White "Baribeault, David"]
[Black "Lacroix, Serge"]
[Result "0-1"]
[WhiteElo "1472"]
[BlackElo "1883"]
[PlyCount "53"]
[EventDate "1995.12.01"]
[EventType "swiss"]
[EventRounds "5"]
[EventCountry "CAN"]

1. e4 e5 2. Nf3 Nc6 3. Bc4 Nf6 4. Ng5 d5 5. exd5 Na5 6. d3 h6 7. Nf3 e4 8. Nd4
exd3 9. Qxd3 Nxc4 10. Qxc4 Qxd5 11. Qxd5 Nxd5 12. c4 Nb4 13. O-O c5 14. a3 cxd4
15. axb4 Bxb4 16. Bd2 Be7 17. Re1 Be6 18. b3 O-O 19. Na3 a6 20. Nc2 Rfd8 21.
Re4 Bf6 22. Rd1 Bf5 23. Ba5 Bxe4 24. Bxd8 Bxc2 25. Bxf6 Bxd1 26. Bxd4 Bxb3 27.
c5 0-1

[Event "Premiere Neige"]
[Site "Montreal CAN"]
[Date "1995.12.01"]
[Round "1"]
[White "Leveille, Francois"]
[Black "Lacroix, Serge"]
[Result "1-0"]
[WhiteElo "2344"]
[BlackElo "1883"]
[Annotator "Incomplete"]
[PlyCount "45"]
[EventDate "1995.12.01"]
[EventType "swiss"]
[EventRounds "5"]
[EventCountry "CAN"]

1. e4 e5 2. Nf3 Nc6 3. Nc3 Nf6 4. Bb5 Bb4 5. O-O O-O 6. d3 d6 7. Bg5 Bxc3 8.
bxc3 Bg4 9. h3 Be6 10. d4 Bd7 11. Rb1 a6 12. Bd3 Rb8 13. Re1 h6 14. Bh4 Kh7 15.
Qd2 Rg8 16. Bg3 Qe7 17. d5 Na7 18. c4 Nh5 19. Bh2 g5 20. Qe3 c5 21. Rb6 Nc8 22.
Rxd6 Nxd6 23. Bxe5 {etc.} 1-0

[Event "Premiere Neige"]
[Site "Montreal CAN"]
[Date "1995.12.02"]
[Round "3"]
[White "Duong, Thanh Nha"]
[Black "Lacroix, Serge"]
[Result "1/2-1/2"]
[WhiteElo "2272"]
[BlackElo "1883"]
[Annotator "Incomplete"]
[PlyCount "74"]
[EventDate "1995.12.01"]
[EventType "swiss"]
[EventRounds "5"]
[EventCountry "CAN"]

1. d4 Nf6 2. Bg5 Ne4 3. Bh4 c5 4. f3 Qa5+ 5. c3 Nf6 6. d5 e5 7. Bxf6 gxf6 8. e4
d6 9. Qc2 h5 10. Na3 a6 11. Nc4 Qc7 12. a4 b6 13. Ne2 Ra7 14. Nc1 Bd7 15. Na3
Ke7 16. Be2 Rh7 17. c4 Bh6 18. Kf2 Qc8 19. Bd3 Qg8 20. h4 Qg6 21. Ne2 a5 22.
Qd1 Na6 23. Nc2 Ra8 24. Rg1 Rg8 25. Ra3 f5 26. exf5 Bxf5 27. Bxf5 Qxf5 28. Ne3
Bxe3+ 29. Rxe3 Nb4 30. Re4 Kd7 31. Ke1 Rgg7 32. Kd2 Rg8 33. Qf1 Qf6 34. Kc3 Na6
35. Kb3 Nb4 36. Nc3 Qh6 37. Re2 f5 {etc.} 1/2-1/2

[Event "Beauce op"]
[Site "Ste-Marie-de-Beauce CAN"]
[Date "1995.09.24"]
[Round "4"]
[White "Lacroix, Serge"]
[Black "Rousseau, Daniel"]
[Result "*"]
[WhiteElo "1887"]
[BlackElo "2034"]
[PlyCount "60"]
[EventDate "1995.09.22"]
[EventType "swiss"]
[EventRounds "5"]
[EventCountry "CAN"]

1. e4 e5 2. Nf3 Nc6 3. Bb5 a6 4. Ba4 Nf6 5. O-O Be7 6. Re1 b5 7. Bb3 d6 8. h3
Na5 9. c3 Nxb3 10. Qxb3 Bb7 11. d3 O-O 12. a4 Bc6 13. axb5 axb5 14. Na3 Qb8 15.
Be3 Qb7 16. Nh4 Rfe8 17. Nf5 Bf8 18. Nc2 d5 19. f3 h6 20. Rxa8 Rxa8 21. Ra1
Rxa1+ 22. Nxa1 dxe4 23. dxe4 Nxe4 24. fxe4 Bxe4 25. Ng3 Bxg2 26. Kh2 Qf3 27.
Nc2 Bf1 28. Nxf1 Qxf1 29. Bg1 e4 30. Nd4 Bd6+ *

[Event "Montreal op"]
[Site "Montreal CAN"]
[Date "1995.09.02"]
[Round "2"]
[White "Lacroix, Serge"]
[Black "Latendresse, Simon"]
[Result "0-1"]
[WhiteElo "1946"]
[BlackElo "2048"]
[PlyCount "128"]
[EventDate "1995.09.02"]
[EventType "swiss"]
[EventRounds "5"]
[EventCountry "CAN"]

1. e4 c6 2. d4 d5 3. Nc3 dxe4 4. Nxe4 Nd7 5. Nf3 Ngf6 6. Nxf6+ Nxf6 7. Bd3 Bg4
8. c3 e6 9. Bf4 Bd6 10. Bg3 O-O 11. Qe2 a5 12. h3 Bxf3 13. Qxf3 Bxg3 14. Qxg3
a4 15. O-O Ra5 16. b4 axb3 17. axb3 Qa8 18. Rae1 Rd8 19. f4 Qb8 20. Re5 Rad5
21. Bc4 Rxe5 22. fxe5 Nd5 23. Bd3 f5 24. Bc2 b5 25. b4 Qa8 26. Bb3 Qa3 27. Qg5
Rd7 28. Bxd5 cxd5 29. Rf3 Qa1+ 30. Kh2 Qe1 31. h4 h6 32. Qh5 Rf7 33. Rg3 Kf8
34. Qf3 Qe4 35. Qf1 f4 36. Rf3 g5 37. Kh3 Qf5+ 38. g4 Qe4 39. Kg2 Ra7 40. Qf2
Ra1 41. hxg5 hxg5 42. Kh2 Qh7+ 43. Rh3 Rh1+ 44. Kxh1 Qxh3+ 45. Qh2 Qf3+ 46. Qg2
Qxc3 47. Qf1 Qxb4 48. Qc1 Qc4 49. Qa3+ b4 50. Qa8+ Kf7 51. Qb7+ Kg6 52. Qe7
Qf1+ 53. Kh2 Qe2+ 54. Kg1 Qxg4+ 55. Kf1 Qf3+ 56. Ke1 Qe3+ 57. Kf1 Qh3+ 58. Ke1
b3 59. Qf6+ Kh5 60. Qf7+ Kh4 61. Qh7+ Kg4 62. Qg6 Qe3+ 63. Kf1 Qc1+ 64. Kf2
Qc2+ 0-1

[Event "Montreal op"]
[Site "Montreal CAN"]
[Date "1995.09.04"]
[Round "5"]
[White "Lacroix, Serge"]
[Black "Caplan, Adam"]
[Result "0-1"]
[WhiteElo "1946"]
[BlackElo "1791"]
[Annotator "Desktop,Administrative"]
[PlyCount "62"]
[EventDate "1995.09.02"]
[EventType "swiss"]
[EventRounds "5"]
[EventCountry "CAN"]

1. e4 c5 2. Nf3 e6 3. d4 cxd4 4. Nxd4 Nf6 5. Nc3 d6 6. g4 h6 7. h4 Nc6 8. g5
hxg5 9. Bxg5 Be7 10. Rg1 a6 11. Qd2 Nxd4 12. Qxd4 Qc7 13. O-O-O Bd7 14. Bc4 Rc8
15. Bb3 Qc5 16. f4 Qxd4 17. Rxd4 g6 18. Rgd1 Bc6 19. f5 gxf5 20. exf5 d5 21.
Re1 Ne4 22. Nxe4 dxe4 23. fxe6 f6 24. Bf4 Rxh4 25. Bd6 Rd8 26. Bg3 Rg4 27. Bf2
f5 28. Rh1 Bf6 29. Rxd8+ Kxd8 30. c3 Rg2 31. Bb6+ Ke7 {etc.} 0-1

[Event "Festival gourmands"]
[Site "Asbestos CAN"]
[Date "1995.08.26"]
[Round "2"]
[White "Mikanovic, Goran"]
[Black "Lacroix, Serge"]
[Result "1-0"]
[WhiteElo "2233"]
[BlackElo "1960"]
[Annotator "Incomplete"]
[PlyCount "42"]
[EventDate "1995.08.25"]
[EventType "swiss"]
[EventRounds "5"]
[EventCountry "CAN"]

1. d4 Nf6 2. c4 e6 3. Nf3 Bb4+ 4. Bd2 Qe7 5. g3 b6 6. Bg2 Bxd2+ 7. Nbxd2 Bb7 8.
O-O O-O 9. Qc2 a5 10. e4 d6 11. e5 dxe5 12. dxe5 Nfd7 13. Ne4 Nc6 14. Neg5 g6
15. h4 Nc5 16. a3 Rfd8 17. Rad1 Rxd1 18. Rxd1 Rd8 19. Rxd8+ Qxd8 20. Ne4 Nxe4
21. Qxe4 h5 {etc.} 1-0

[Event "Festival gourmands"]
[Site "Asbestos CAN"]
[Date "1995.08.26"]
[Round "3"]
[White "Saint Amand, Paul"]
[Black "Lacroix, Serge"]
[Result "1-0"]
[WhiteElo "2134"]
[BlackElo "1960"]
[PlyCount "66"]
[EventDate "1995.08.25"]
[EventType "swiss"]
[EventRounds "5"]
[EventCountry "CAN"]

1. e4 e5 2. Nf3 Nc6 3. Bb5 a6 4. Ba4 Nf6 5. O-O Be7 6. Re1 b5 7. Bb3 d6 8. c3
O-O 9. h3 Nd7 10. d4 Nb6 11. Nbd2 exd4 12. cxd4 d5 13. e5 Bf5 14. Nf1 Na5 15.
Bc2 Bxc2 16. Qxc2 Rc8 17. Be3 Nac4 18. Rac1 Qd7 19. Bg5 f6 20. exf6 Bxf6 21.
Bxf6 Rxf6 22. b3 Nd6 23. Ne5 Qf5 24. Ne3 Qg5 25. N3g4 Rf5 26. Nf3 Rxf3 27. gxf3
h5 28. Re5 Qh4 29. Ne3 Qxh3 30. Qg6 Qxf3 31. Re7 Ne8 32. Rxe8+ Rxe8 33. Qxe8+
Kh7 1-0

[Event "Quebec op"]
[Site "Montreal CAN"]
[Date "1995.07.27"]
[Round "2"]
[White "Vucko, Ignac"]
[Black "Lacroix, Serge"]
[Result "0-1"]
[WhiteElo "1668"]
[BlackElo "1962"]
[PlyCount "68"]
[EventDate "1995.07.26"]
[EventType "swiss"]
[EventRounds "9"]
[EventCountry "CAN"]

1. e4 e5 2. Nf3 Nc6 3. Bb5 a6 4. Ba4 Nf6 5. d3 Bc5 6. O-O b5 7. Bb3 d6 8. Bg5
Bg4 9. c3 h6 10. Bh4 Qe7 11. Bd5 Qd7 12. Bxc6 Qxc6 13. h3 Bh5 14. d4 exd4 15.
cxd4 Bxf3 16. gxf3 Bb6 17. Nc3 g5 18. Bg3 O-O-O 19. Ne2 Qd7 20. Kg2 h5 21. a4
g4 22. axb5 gxf3+ 23. Kxf3 Qxh3 24. Nf4 Qg4+ 25. Ke3 Qxd1 26. Rfxd1 h4 27. bxa6
hxg3 28. fxg3 Rde8 29. Rh1 Rxh1 30. Rxh1 Nxe4 31. Kf3 Bxd4 32. b4 c6 33. Rc1
Kd7 34. Rc4 Nd2+ 0-1

[Event "Quebec op"]
[Site "Montreal CAN"]
[Date "1995.07.27"]
[Round "3"]
[White "Lacroix, Serge"]
[Black "Morin, Louis"]
[Result "1-0"]
[WhiteElo "1962"]
[BlackElo "1886"]
[PlyCount "169"]
[EventDate "1995.07.26"]
[EventType "swiss"]
[EventRounds "9"]
[EventCountry "CAN"]

1. e4 e5 2. Nf3 d6 3. d4 Nf6 4. Nc3 Nbd7 5. Bc4 Be7 6. O-O O-O 7. Qe2 exd4 8.
Nxd4 Ne5 9. Bf4 Nxc4 10. Qxc4 Nxe4 11. Nxe4 d5 12. Qd3 dxe4 13. Qxe4 Bf6 14.
Nb5 Re8 15. Qf3 Be5 16. Rad1 Qf6 17. Rfe1 Bg4 18. Qxg4 Qxf4 19. Qxf4 Bxf4 20.
g3 Rxe1+ 21. Rxe1 a6 22. Nd4 Bg5 23. c3 Kf8 24. Nf5 Rd8 25. Re2 Rd5 26. Nd4 Bf6
27. Nc2 Ra5 28. a3 Re5 29. Ne3 g6 30. f4 Re6 31. Kf2 Be7 32. Kf3 c6 33. Rd2 Rd6
34. Rc2 f5 35. Nc4 Re6 36. Re2 Rxe2 37. Kxe2 Bc5 38. Kf3 Ke7 39. Na5 Kd7 40.
Nxb7 Bb6 41. b4 Kc7 42. Nc5 Bxc5 43. bxc5 Kd7 44. Ke3 Ke7 45. Kd4 Ke6 46. c4
Kd7 47. Ke5 Ke7 48. h3 h6 49. g4 fxg4 50. hxg4 Kf7 51. Kd6 h5 52. gxh5 gxh5 53.
Kxc6 h4 54. Kb6 h3 55. c6 h2 56. c7 h1=Q 57. c8=Q Qc1 58. Qd7+ Kf8 59. Qc8+ Kf7
60. a4 Qe3+ 61. Kxa6 Qxf4 62. Qd7+ Kg8 63. c5 Qf6+ 64. Kb7 Qb2+ 65. Qb5 Qg7+
66. Ka8 Qg2+ 67. c6 Qe4 68. a5 Qf3 69. Qb7 Qc3 70. a6 Kf8 71. c7 Ke8 72. c8=Q+
Qxc8+ 73. Qxc8+ Ke7 74. Kb7 Kd6 75. Qc6+ Ke5 76. Kb6 Kd4 77. Qc5+ Ke4 78. Kc6
Kf4 79. Qe7 Kf5 80. Kd5 Kf4 81. Qe5+ Kf3 82. Kd4 Kg4 83. Ke4 Kh3 84. Qg5 Kh2
85. Kf3 1-0

[Event "Groupe Commerce"]
[Site "Thetford Mines CAN"]
[Date "1995.07.07"]
[Round "1"]
[White "Lacroix, Serge"]
[Black "Berube, Richard"]
[Result "0-1"]
[WhiteElo "1972"]
[BlackElo "2323"]
[PlyCount "70"]
[EventDate "1995.07.07"]
[EventType "swiss"]
[EventRounds "5"]
[EventCountry "CAN"]

1. e4 c5 2. Nf3 d6 3. d4 cxd4 4. Nxd4 Nf6 5. Nc3 g6 6. Be3 Bg7 7. f3 Nc6 8. Qd2
O-O 9. Bc4 Bd7 10. O-O-O Rc8 11. Bb3 Ne5 12. h4 h5 13. Kb1 Nc4 14. Bxc4 Rxc4
15. Nde2 Qc7 16. Bg5 Be6 17. Nf4 Qb6 18. Nxe6 Nxe4 19. fxe4 Bxc3 20. Qxc3 Rxc3
21. Nxf8 Kxf8 22. g4 Rg3 23. gxh5 gxh5 24. Rhf1 f6 25. Bf4 Rg2 26. e5 Qc5 27.
c3 dxe5 28. Rd8+ Kg7 29. Bc1 Rg1 30. Rf3 e4 31. Rh3 Qf5 32. Rh2 e3+ 33. Rc2 e2
34. Rdd2 e1=Q 35. Rg2+ Rxg2 0-1

[Event "Groupe Commerce"]
[Site "Thetford Mines CAN"]
[Date "1995.07.08"]
[Round "2"]
[White "Lacombe, Simon"]
[Black "Lacroix, Serge"]
[Result "1/2-1/2"]
[WhiteElo "1845"]
[BlackElo "1972"]
[PlyCount "97"]
[EventDate "1995.07.07"]
[EventType "swiss"]
[EventRounds "5"]
[EventCountry "CAN"]

1. e4 e5 2. Nf3 Nc6 3. Bc4 Nf6 4. d4 exd4 5. e5 d5 6. Bb5 Ne4 7. Nxd4 Bd7 8.
Bxc6 bxc6 9. O-O Be7 10. f3 Nc5 11. Nc3 O-O 12. Be3 Ne6 13. Nxe6 Bxe6 14. Na4
Rb8 15. c3 c5 16. Bxc5 Bxc5+ 17. Nxc5 Rxb2 18. Qd4 Qg5 19. Rf2 Rfb8 20. Nb3
Rxf2 21. Kxf2 c5 22. Qxc5 Qxe5 23. Qxa7 Qxh2 24. Rh1 Qd6 25. Re1 h5 26. Qc5 Qf4
27. Qd4 Qf5 28. Qe5 Ra8 29. Qxf5 Rxa2+ 30. Re2 Rxe2+ 31. Kxe2 Bxf5 32. Ke3 Kf8
33. Kf4 g6 34. Ke5 Ke7 35. Nd4 Be6 36. Nc6+ Kd7 37. Nb4 h4 38. Nxd5 h3 39. gxh3
Bxh3 40. f4 Bg4 41. Ne3 Bf3 42. Kf6 Ke8 43. Ke5 Kd7 44. Nd5 Bg2 45. Ne3 Bf3 46.
c4 Ke7 47. Nd5+ Bxd5 48. Kxd5 f6 49. c5 1/2-1/2

[Event "Groupe Commerce"]
[Site "Thetford Mines CAN"]
[Date "1995.07.08"]
[Round "3"]
[White "Lacroix, Serge"]
[Black "Fillion, Robert"]
[Result "1-0"]
[WhiteElo "1972"]
[BlackElo "1716"]
[PlyCount "100"]
[EventDate "1995.07.07"]
[EventType "swiss"]
[EventRounds "5"]
[EventCountry "CAN"]

1. e4 c5 2. Nf3 Nc6 3. d4 cxd4 4. Nxd4 e5 5. Nb5 a6 6. Nd6+ Bxd6 7. Qxd6 Qf6 8.
Qd1 Qg6 9. Nc3 d5 10. Nxd5 Qxe4+ 11. Ne3 Nf6 12. Bd3 Qd4 13. c3 Qd8 14. O-O e4
15. Be2 Qxd1 16. Rxd1 Be6 17. b3 O-O 18. c4 Rfd8 19. Bb2 Ne8 20. f3 f5 21. fxe4
fxe4 22. a3 Rac8 23. b4 Nf6 24. h3 Kf7 25. g4 Nd7 26. Rf1+ Kg8 27. Bc3 Nce5 28.
c5 Nd3 29. Nf5 Bxf5 30. Rxf5 b6 31. Rd1 bxc5 32. Bxd3 exd3 33. Rxd3 cxb4 34.
Bxb4 Nf6 35. Rxd8+ Rxd8 36. Be7 Rd1+ 37. Kg2 Kf7 38. Bb4 Rd5 39. Rf2 a5 40. Be1
Kg6 41. Rf3 h5 42. gxh5+ Kxh5 43. Rg3 g5 44. Rb3 Kg6 45. Rb6 Kf5 46. Ra6 Nh5
47. Rxa5 Rxa5 48. Bxa5 Ng7 49. Kh2 g4 50. hxg4+ Kxg4 1-0

[Event "Groupe Commerce"]
[Site "Thetford Mines CAN"]
[Date "1995.07.09"]
[Round "4"]
[White "Lacroix, Serge"]
[Black "Nunez, Omar"]
[Result "1/2-1/2"]
[WhiteElo "1972"]
[BlackElo "2064"]
[Annotator "Incomplete"]
[PlyCount "55"]
[EventDate "1995.07.07"]
[EventType "swiss"]
[EventRounds "5"]
[EventCountry "CAN"]

1. e4 c5 2. Nf3 d6 3. d4 cxd4 4. Nxd4 Nf6 5. Nc3 e6 6. g4 Nc6 7. g5 Nd7 8. Be3
Nb6 9. Qd2 d5 10. exd5 exd5 11. O-O-O Be7 12. h4 O-O 13. Nb3 Nc4 14. Qxd5 Nxe3
15. Qxd8 Bxd8 16. fxe3 Bg4 17. Rd2 Re8 18. Rg1 Bh5 19. Nd5 Bf3 20. Rg3 Bxd5 21.
Rxd5 Bb6 22. Kd2 Ne7 23. Rb5 Rad8+ 24. Bd3 Nd5 25. Nd4 g6 26. c3 Bc7 27. Rf3 b6
28. Bc4 {etc.} 1/2-1/2

[Event "Groupe Commerce"]
[Site "Thetford Mines CAN"]
[Date "1995.07.09"]
[Round "5"]
[White "Beaudry, Marc-Andre"]
[Black "Lacroix, Serge"]
[Result "1-0"]
[WhiteElo "2066"]
[BlackElo "1972"]
[PlyCount "67"]
[EventDate "1995.07.07"]
[EventType "swiss"]
[EventRounds "5"]
[EventCountry "CAN"]

1. c4 e5 2. Nc3 Bb4 3. g3 Nf6 4. Nf3 Nc6 5. Bg2 O-O 6. O-O Re8 7. Nd5 Bc5 8. d3
e4 9. Ne1 exd3 10. Nxd3 Be7 11. b3 Nxd5 12. cxd5 Nb4 13. Nxb4 Bxb4 14. Bb2 Bf8
15. e4 d6 16. Rc1 c6 17. dxc6 bxc6 18. Qc2 Ba6 19. Rfd1 Rc8 20. Bh3 Rb8 21. Bg2
Qa5 22. Bc3 Qh5 23. h3 Bc8 24. g4 Qc5 25. Qd2 Qb5 26. f4 h5 27. f5 d5 28. Qg5
dxe4 29. Bf1 Qc5+ 30. Bd4 Qd6 31. Bxg7 Qg3+ 32. Bg2 f6 33. Bxf6+ Kf7 34. Qg6#
1-0